Double Vowel Country Codes - Statistics

General Stats
  • This quiz has been taken 14 times
  • The average score is 5 of 6
Answer Stats
Code Country % Correct
AU Australia
93%
UY Uruguay
93%
IE Ireland
79%
UA Ukraine
71%
EE Estonia
64%
AO Angola
57%
No matching quizzes found
Score Distribution
Percent of People with Each Score
Percentile by Number Answered
Your Score History
You have not taken this quiz